| 000 -LEADER |
| fixed length control field |
00817nam a2200253Ia 4500 |
| 001 - CONTROL NUMBER |
| control field |
17836 |
| 003 - CONTROL NUMBER IDENTIFIER |
| control field |
GE_BSU |
| 005 - DATE AND TIME OF LATEST TRANSACTION |
| control field |
20200226120251.0 |
| 008 - FIXED-LENGTH DATA ELEMENTS--GENERAL INFORMATION |
| fixed length control field |
181216s2004ru xx |||||||||||||| ||rus|| |
| 020 ## - INTERNATIONAL STANDARD BOOK NUMBER |
| International Standard Book Number |
9785982270184 |
| 040 ## - CATALOGING SOURCE |
| Transcribing agency |
GE_BSU |
| 080 ## - UNIVERSAL DECIMAL CLASSIFICATION NUMBER |
| Universal Decimal Classification number |
81' 25 В-49 |
| 100 ## - MAIN ENTRY--PERSONAL NAME |
| Personal name |
Виноградов,В.С. |
| 9 (RLIN) |
7474 |
| 245 ## - TITLE STATEMENT |
| Title |
Перевод : |
| Remainder of title |
Общие и лексичесие вопросы / |
| Statement of responsibility, etc. |
В.С. Виноградов, |
| 250 ## - EDITION STATEMENT |
| Edition statement |
2-изд. |
| 264 ## - PRODUCTION, PUBLICATION, DISTRIBUTION, MANUFACTURE, AND COPYRIGHT NOTICE |
| Place of production, publication, distribution, manufacture |
Москва : |
| Name of producer, publisher, distributor, manufacturer |
Книжный дом, |
| Date of production, publication, distribution, manufacture, or copyright notice |
2004. |
| 300 ## - PHYSICAL DESCRIPTION |
| Extent |
236с тр. : |
| Dimensions |
20 см. |
| 500 ## - GENERAL NOTE |
| General note |
Библиогр. стр.226-233 |
| 653 ## - INDEX TERM--UNCONTROLLED |
| keyword |
Ведение в перевоведение |
| 653 ## - INDEX TERM--UNCONTROLLED |
| keyword |
Лексика |
| 653 ## - INDEX TERM--UNCONTROLLED |
| keyword |
თარგმნის თეორია |
| 653 ## - INDEX TERM--UNCONTROLLED |
| keyword |
ლექსიკა |
| 942 ## - ADDED ENTRY ELEMENTS (KOHA) |
| Koha item type |
წიგნი |
| Source of classification or shelving scheme |
|